000 00297nam a22001217a 4500
008 180730b xxu||||| |||| 00| 0 eng d
082 _a813.52
245 _aDelmar's Administrative medical assisting
_cLinds, W.Q
260 _c4th
300 _a1
_fCD
440 _x9781435419227
942 _2ddc
_cMX
999 _c46659
_d46659